| 000 | 01051nam a22002537a 4500 | ||
|---|---|---|---|
| 003 | OSt | ||
| 005 | 20251008143821.0 | ||
| 008 | 240830b ||||| |||| 00| 0 eng d | ||
| 040 | _c0 | ||
| 082 | _aDper 647.94068 In821 April-May 2019 v. 78-79 | ||
| 100 |
_aCho, Meehee. _eauthor. _959546 |
||
| 245 |
_aRestaurant purchasing skills and the impacts upon strategic purchasing and performance : _bthe roles of supplier integration / _cMeehee Cho, Mark A. Bonn, Larry Giunipero, and Jim Divers. |
||
| 260 |
_aAmsterdam ; _bElsevier , _cApril 2019. |
||
| 300 |
_aVolume 78, pages 293-303 : _billustration ; _c28 cm. |
||
| 500 | _aInternational Journal of Hospitality Management, vol. 78, pages 293-303, April 2019. | ||
| 650 | 0 |
_aRestaurant performance. _968763 |
|
| 650 | 0 |
_aStrategic purchasing. _968764 |
|
| 650 | 0 |
_aSupplier integration. _968765 |
|
| 700 |
_aCho, Meehee. _eauthor. _959546 |
||
| 700 |
_aBonn, Mark A. _eauthor. _959547 |
||
| 700 |
_aGiunipero, Larry. _eauthor. _959548 |
||
| 700 |
_aDivers, Jim. _eauthor. _959549 |
||
| 942 |
_2ddc _cPER |
||
| 999 |
_c21098 _d21098 |
||